000 00745nam a2200289Ia 4500
005 20260324121502.0
008 008 260324s9999 xx 000 0 eng d
020 _a9781315776606
037 _aEBOOK
040 _aCRL
040 _beng
040 _cCRL
041 _2eng
041 _aeng
084 _qCRL
100 _aVictor Moeller; Marc Moeller
_91162695
245 0 _aSocratic Seminars in Middle School
245 0 _bTexts and Films That Engage Students in Reflective Thinking and Close Reading
260 _bTaylor and Francis
260 _c2014
365 _a
365 _b180
856 _uhttp://www.taylorfrancis.com/books/9781315776606
942 _cEBOOK
999 _c1754829
_d1754829